<?xml version="1.0" encoding="UTF-8"?>
<record
    xmlns:xsi="http://www.w3.org/2001/XMLSchema-instance"
    xsi:schemaLocation="http://www.loc.gov/MARC21/slim http://www.loc.gov/standards/marcxml/schema/MARC21slim.xsd"
    xmlns="http://www.loc.gov/MARC21/slim">

  <leader>00750nam a2200217Ia 4500</leader>
  <controlfield tag="003">IN-BaIIA</controlfield>
  <controlfield tag="008">211028s9999    xx            000 0 eng d</controlfield>
  <datafield tag="020" ind1=" " ind2=" ">
    <subfield code="a">0-7923-1247-3</subfield>
  </datafield>
  <datafield tag="040" ind1=" " ind2=" ">
    <subfield code="c">IIA Library</subfield>
  </datafield>
  <datafield tag="080" ind1=" " ind2=" ">
    <subfield code="a">52(082.1)</subfield>
    <subfield code="b">ASS-171</subfield>
  </datafield>
  <datafield tag="245" ind1=" " ind2="0">
    <subfield code="a">Databases and on-line data in astronomy</subfield>
    <subfield code="c">edited by Miguel A. Albrecht and Daniel Egret                                          </subfield>
  </datafield>
  <datafield tag="260" ind1=" " ind2=" ">
    <subfield code="a">Dordrecht</subfield>
    <subfield code="b">Kluwer Academic</subfield>
    <subfield code="c">1991</subfield>
  </datafield>
  <datafield tag="300" ind1=" " ind2=" ">
    <subfield code="a">xiv, 273p.</subfield>
  </datafield>
  <datafield tag="490" ind1=" " ind2=" ">
    <subfield code="a">Astrophysics and Space Science Library; v. 171</subfield>
  </datafield>
  <datafield tag="650" ind1=" " ind2=" ">
    <subfield code="a">Astronomy and Astrophysics Thesaurus</subfield>
  </datafield>
  <datafield tag="650" ind1=" " ind2=" ">
    <subfield code="a">Astronomy-Data processing</subfield>
    <subfield code="9">12215</subfield>
  </datafield>
  <datafield tag="650" ind1=" " ind2=" ">
    <subfield code="a">Data processing</subfield>
    <subfield code="9">4335</subfield>
  </datafield>
  <datafield tag="700" ind1=" " ind2=" ">
    <subfield code="a">Albrecht, Miguel A.</subfield>
    <subfield code="9">17665</subfield>
  </datafield>
  <datafield tag="700" ind1=" " ind2=" ">
    <subfield code="a">Egret, Daniel, ed.</subfield>
    <subfield code="9">17666</subfield>
  </datafield>
  <datafield tag="942" ind1=" " ind2=" ">
    <subfield code="c">BK</subfield>
  </datafield>
  <datafield tag="999" ind1=" " ind2=" ">
    <subfield code="c">10392</subfield>
    <subfield code="d">10392</subfield>
  </datafield>
  <datafield tag="952" ind1=" " ind2=" ">
    <subfield code="0">0</subfield>
    <subfield code="1">0</subfield>
    <subfield code="4">0</subfield>
    <subfield code="7">0</subfield>
    <subfield code="a">BAN</subfield>
    <subfield code="b">BAN</subfield>
    <subfield code="c">GEN</subfield>
    <subfield code="d">1992-07-30</subfield>
    <subfield code="l">0</subfield>
    <subfield code="o">52(082.1)/ ASS-171</subfield>
    <subfield code="p">11302</subfield>
    <subfield code="r">2021-11-05</subfield>
    <subfield code="w">1992-07-30</subfield>
    <subfield code="y">BK</subfield>
  </datafield>
</record>
